00765nam a22002057a 450000500170000001000150001702000260003203500140005803700150007208200110008710000180009824500980011626000450021427000670025930000250032650000400035194200250039199900190041695201240043520180730143813.0 aENG-123621 c895.00a9780199486748 aEN-107153 bDBAD/PUB.  a954.02 aFlores, Jorge aUnwanted Neighbours:cby Jorge Floresbthe mughals the portuguese, and their frontier zones / aNew DelhibOxford University Pressc2018 a2/11, Ground Floor, Ansari Road, Daryaganj,bNew Delhie110002 axxii,321p.c22cm(Hb) aIts includes bibliography and index 2ddccENh954.02mFLO c155136d155136 001040718NFICaDBADbZLSd2018-07-30eDBAD/PUBg895.00l0o954.02 FLOpEN-107153r2018-07-30 00:00:00t1v895.00yEN